Vệ sinh trẻ em

Đã lưu trong:
Sonraí Bibleagrafaíochta
Príomhúdar: Nguyễn, Thị Phong
Údair Eile: Trần, Thanh Tùng
Formáid: Leabhar
Teanga:Undetermined
Foilsithe: H. ĐH Quốc gia Hà Nội 2006
Ábhair:
Rochtain Ar Líne:http://lrc.tdmu.edu.vn/opac/search/detail.asp?aID=2&ID=4401
Clibeanna: Cuir Clib Leis
Gan Chlibeanna, Bí ar an gcéad duine leis an taifead seo a chlibeáil!
Thư viện lưu trữ: Trung tâm Học liệu Trường Đại học Thủ Dầu Một
LEADER 00655nam a2200205Ia 4500
001 TDMU_4401
008 210410s9999 xx 000 0 und d
082 |a 372.2137 
090 |b NG527 
100 |a Nguyễn, Thị Phong 
245 0 |a Vệ sinh trẻ em 
245 0 |c Nguyễn Thị Phong 
260 |a H. 
260 |b ĐH Quốc gia Hà Nội 
260 |c 2006 
300 |a 143tr. 
650 |a Vệ sinh trẻ em; Giáo dục mầm non  |x Vệ sinh 
700 |a Trần, Thanh Tùng 
856 |u http://lrc.tdmu.edu.vn/opac/search/detail.asp?aID=2&ID=4401 
980 |a Trung tâm Học liệu Trường Đại học Thủ Dầu Một